Normal view
MARC view
Entry Personal Name
001 - CONTROL NUMBER
- control field: 16346
003 - CONTROL NUMBER IDENTIFIER
- control field: BD-RjUL
005 - DATE AND TIME OF LATEST TRANSACTION
- control field: 20250730114014.0
008 - FIXED-LENGTH DATA ELEMENTS
- fixed length control field: 250730|| aca||aabn | a|a d
040 ## - CATALOGING SOURCE
- Original cataloging agency: BD-RjUL
- Transcribing agency: BD-RjUL
100 ## - HEADING--PERSONAL NAME
- Personal name: Asa, Abdul Bari آسى، عبدالبارى
670 ## - SOURCE DATA FOUND
- Source citation: Work cat.: (BD-RjUL)85372: ديوان ٱردو خواجه مير درد / Divān-i Urdū-yi K̲h̲vājah Mīr Dard /, 1951